00634nam a2200157 a 450000100100000000500170001000800410002704000250006808200150009310000200010824500710012826001060019930000260030550400730033170000720040400004299320201002040545.0140217s1969 xxu 000 0 spa d aDO-SdBNPbspacBNPHU axxxxbxxxx1 aWood, Gordon S.10aThe creation of the american republic 1776-1787 /cGordon S. Wood. aVirginia :bPublished for the Institute of Early American History and Culture at Williamsburg,c1969. axiv, 653 p. ;c24 cm. aIncluye referencias bibliográficas y notas al pie de las páginas1 aInstitute of Early American History and Culture (Williamsburg, Va.)